| 000 | 00592nam a22001577a 4500 | ||
|---|---|---|---|
| 005 | 20250909102948.0 | ||
| 008 | 250909b |||||||| |||| 00| 0 eng d | ||
| 020 | _a9789694164281 | ||
| 040 | _cPK-LaUMT | ||
| 082 |
_a297.4 _bSOH-S |
||
| 100 |
_aSohail Umar, Muhammad = سہیل عمر، محمد _97154 |
||
| 245 |
_aSero safar hamara = سیر و سفر ہمارا : _btabsaray۔ tazkaray۔ guftguen = تبصر۔ تذکرے۔ گفتگوئیں / _cby Muhammad Sohail Umar = محمد سہیل عمر |
||
| 260 |
_aLahore : _bIqbal Academy Pakistan, _c2009 |
||
| 300 | _a256 p. | ||
| 942 | _cBK | ||
| 999 |
_c138518 _d138518 |
||